Paradox vývoja cien ropy za posledných 10 rokov bakalárska práca

Saved in:
Bibliographic Details
Main Author: Martiš, Dominik
Corporate Author: Národohospodárska fakulta EU. Katedra financií
Other Authors: Puchoň, Jozef
Format: Book
Language:Slovak
Published: Bratislava 2012
Tags: Add Tag
No Tags, Be the first to tag this record!

MARC

LEADER 00000nbm a2200000 4500
001 0155881
005 20161109111923.2
041 0 |a slo 
044 |a SK 
245 1 0 |a Paradox vývoja cien ropy za posledných 10 rokov  |b bakalárska práca  |c Dominik Martiš ; školiteľ: Jozef Puchoň 
264 1 |a Bratislava  |c 2012 
300 |a 40 s. 
100 1 |a Martiš, Dominik 
700 1 |a Puchoň, Jozef 
710 2 |a Národohospodárska fakulta EU. Katedra financií